000
00363nam a2200157Ia 4500
005
20250424120258.0
008
250424s9999 xx 000 0 und d
022
_a
01688278
050
_a
RC 845 .H47/
245
0
_a
Journal of hepatology
260
_a
New York
260
_b
Elsevier B. V.
260
_c
2009
300
_a
viii, 416 p. ; 28 cm.
942
_c
SR
999
_c
38410
_d
38410